La función judicial: ética y democracia
में बचाया:
| मुख्य लेखकों: | , , |
|---|---|
| स्वरूप: | पुस्तक |
| भाषा: | स्पेनिश |
| प्रकाशित: |
Barcelona
Gedisa
2003
|
| संस्करण: | 1a. ed |
| श्रृंखला: | Cla De Ma
Filosofía del Derecho |
| विषय: | |
| टैग: |
टैग जोड़ें
कोई टैग नहीं, इस रिकॉर्ड को टैग करने वाले पहले व्यक्ति बनें!
|
MARC
| LEADER | 00000nam a2200000 a 4500 | ||
|---|---|---|---|
| 001 | UCJ1857 | ||
| 003 | CL-VaPUC | ||
| 008 | 061117e20030000SP |||||||||||||||||spa|d | ||
| 020 | |a 8474329906 | ||
| 082 | 0 | 4 | |a 347.012 |b MAL |2 21 |
| 100 | |a Malem Seña, Jorge Francisco |e autor |9 295201 | ||
| 700 | 0 | |a Orozco, Jesús |e author |9 502608 | |
| 700 | 0 | |a Vázquez, Rodolfo |e author |9 502609 | |
| 245 | 1 | 3 | |a La función judicial: ética y democracia |
| 250 | |a 1a. ed | ||
| 300 | |a 317 p | ||
| 942 | |c BK | ||
| 945 | |d 20061117 00:00:00 |a jtorresc | ||
| 260 | |a Barcelona |b Gedisa |c 2003 | ||
| 650 | 7 | |a FUNCION JUDICIAL |2 CL-VaPUC |9 502610 | |
| 650 | 0 | |a Poder judicial |9 254871 | |
| 650 | 0 | |a Administración de justicia |9 382749 | |
| 650 | 0 | |a Jurisdicción |9 255090 | |
| 650 | 0 | |a Ética |9 255099 | |
| 583 | |a last modification |c 20061117 00:00:00 |k Rodrigo Vera | ||
| 490 | 0 | |a Cla De Ma | |
| 490 | 0 | |a Filosofía del Derecho | |
| 999 | |c 318290 |d 318288 | ||
| 952 | |0 0 |1 0 |4 0 |6 347_012000000000000_MAL_2003 |7 0 |8 A |9 396011 |a BIBDER |b BIBDER |d 2019-11-22 |i 4292987 |o 347.012 MAL 2003 |p 4292987 |r 2023-01-25 |w 2019-11-22 |y BK |k DER | ||